Skip to main content
Your cart is empty.
Your lists
Log in to create your own lists
Your cookies
العربية
English
العربية
Home
Search
Advanced search
Authority search
About
The noble scholar, jurist, historian
His Excellency Dr. Abdul Wahhab bin Ibrahim Abu Sulaiman, may Allah have mercy on him.
He was born in Umm Al-Qura in the year 1356 AH.
Library catalog
Title
Author
Subject
ISBN
ISSN
Series
Call number
Log in to your account
×
Login:
Password:
Home
MARC view: الدر المنتثر في رجال القرن الثاني عشر والثالث عشر /
Normal view
MARC view
ISBD view
الدر المنتثر في رجال القرن الثاني عشر والثالث عشر / (Record no. 11905)
[
view plain
]
MARC details
000 -LEADER
fixed length control field
02776cam a2200349 i 4500
003 - CONTROL NUMBER IDENTIFIER
control field
SA-RiAUC
005 - DATE AND TIME OF LATEST TRANSACTION
control field
20250918072325.0
008 - FIXED-LENGTH DATA ELEMENTS--GENERAL INFORMATION
fixed length control field
250817s2005 xx g 00000cara c
024 0# - OTHER STANDARD IDENTIFIER
Standard number or code
00000000983057
040 ## - CATALOGING SOURCE
Original cataloging agency
SA-JeALM
Language of cataloging
ara
Transcribing agency
SA-RiAUC
Modifying agency
AE-DuMBRL
Description conventions
rda
043 ## - GEOGRAPHIC AREA CODE
Geographic area code
a-iq---
050 #4 - LIBRARY OF CONGRESS CALL NUMBER
Item number
.A48 2005
082 04 - DEWEY DECIMAL CLASSIFICATION NUMBER
Classification number
920.00903
Assigning agency
SA-RiAUC
090 ## - LOCALLY ASSIGNED LC-TYPE CALL NUMBER (OCLC); LOCAL CALL NUMBER (RLIN)
Classification number (OCLC) (R) ; Classification number, CALL (RLIN) (NR)
920.00903
Local cutter number (OCLC) ; Book number/undivided call number, CALL (RLIN)
ا ل و
100 1# - MAIN ENTRY--PERSONAL NAME
Personal name
الآلوسي، علي بن نعمان بن محمود،
Dates associated with a name
1861-1921
Relator term
مؤلف.
245 12 - TITLE STATEMENT
Title
الدر المنتثر في رجال القرن الثاني عشر والثالث عشر /
Statement of responsibility, etc.
للحاج علي علاء الدين الألوسي ؛ تحقيق جمال الدين الألوسي، عبد الله الجبوري. ويليه فواصل الجمان في أنباء وزراء وكتاب الزمان / محمد غريط.
264 #1 - PRODUCTION, PUBLICATION, DISTRIBUTION, MANUFACTURE, AND COPYRIGHT NOTICE
Place of production, publication, distribution, manufacture
[مكان النشر غير محدد] :
Name of producer, publisher, distributor, manufacturer
الدار العمرية،
Date of production, publication, distribution, manufacture, or copyright notice
2005
300 ## - PHYSICAL DESCRIPTION
Extent
260 - 312 صفحة ؛
Dimensions
24 سم
336 ## - CONTENT TYPE
Content type term
نص
Content type code
txt
Source
rdacontent
Materials specified
كتاب
337 ## - MEDIA TYPE
Media type term
بدون وسيط
Media type code
n
Source
rdamedia
338 ## - CARRIER TYPE
Carrier type term
مجلد
Carrier type code
nc
Source
rdacarrier
505 0# - FORMATTED CONTENTS NOTE
Formatted contents note
المحتويات:-ديباجة الكتاب-القسم الأول في أخبار الوزراء: الكاتب الوزير أبو عبد الله محمد بن أحمد كنسوس، الكاتب الوزير أبو عبد الله محمد بن إدريس العمروي، الرئيس الوزير أبو الصفاء المختار بن عبد الملك الجامعي، ولده الكاتب الوزير أبو المكارم العربي بن المختار، الكاتب الوزير أبو عبد الله محمد بن محمد غريط الأندلسي، الكاتب الوزير أبو عبد الله محمد بن عبد الله الصفار، الكاتب الوزير أبو محمد الطيب بن اليمني بو عشرين، ثورة الجلاتي المعجاز، الحاجب الوزير أبو عمران موسى بن أحمد بن مبارك، ثورة أبي عزة الهبري، ... وموضوعات أخرى.
650 #7 - SUBJECT ADDED ENTRY--TOPICAL TERM
Topical term or geographic name entry element
تراجم
Source of heading or term
aucsh
650 #7 - SUBJECT ADDED ENTRY--TOPICAL TERM
Topical term or geographic name entry element
تراجم
Chronological subdivision
قرون 18-19
Source of heading or term
aucsh
651 #7 - SUBJECT ADDED ENTRY--GEOGRAPHIC NAME
Geographic name
العراق
Form subdivision
تراجم
Source of heading or term
aucsh
700 12 - ADDED ENTRY--PERSONAL NAME
Personal name
الآلوسي، علي بن نعمان بن محمود،
Dates associated with a name
1861-1921.
Relationship information
تحقيق لـ (عمل) :
Title of a work
الدر المنتثر في رجال القرن الثاني عشر والثالث عشر
700 1# - ADDED ENTRY--PERSONAL NAME
Personal name
الآلوسي، جمال الدين،
Dates associated with a name
1902-
Relator term
محقق.
700 1# - ADDED ENTRY--PERSONAL NAME
Personal name
الجبوري، عبد الله محمد،
Dates associated with a name
1939-
Relator term
محقق.
700 12 - ADDED ENTRY--PERSONAL NAME
Personal name
غريط، محمد،
Dates associated with a name
1880-1945.
Relationship information
مع (عمل) :
Title of a work
فواصل الجمان في أنباء وزراء وكتاب الزمان
942 ## - ADDED ENTRY ELEMENTS (KOHA)
Source of classification or shelving scheme
Dewey Decimal Classification
Koha item type
Books
Suppress in OPAC
No
949 ## - LOCAL PROCESSING INFORMATION (OCLC)
a
SA-JeALM
d
250817
u
osman123
n
1
Holdings
Withdrawn status
Lost status
Source of classification or shelving scheme
Damaged status
Not for loan
Home library
Current library
Date acquired
Total checkouts
Full call number
Barcode
Date last seen
Price effective from
Koha item type
Dewey Decimal Classification
DR AbdElwahab Library
DR AbdElwahab Library
09/18/2025
920.00903 ا ل و
000019192
09/18/2025
09/18/2025
Books
Place hold
Print
Add to your cart
(remove)
Save record
BIBTEX
Dublin Core
MARCXML
MARC (non-Unicode/MARC-8)
MARC (Unicode/UTF-8)
MARC (Unicode/UTF-8, Standard)
MODS (XML)
RIS
ISBD
More searches
Search for this title in:
Other Libraries (WorldCat)
Other Databases (Google Scholar)
Online Stores (Bookfinder.com)
Open Library (openlibrary.org)
Exporting to Dublin Core...
×
Simple DC-RDF
OAI-DC
SRW-DC